| 000 | 00473 a2200169 4500 | ||
|---|---|---|---|
| 003 | OSt | ||
| 005 | 20231215151449.0 | ||
| 008 | 231215b |||||||| |||| 00| 0 eng d | ||
| 020 | _a9789352292912 | ||
| 040 | _coclc | ||
| 082 |
_a891.433 _bVER/N |
||
| 100 |
_aVerma, Ravindra _910136 |
||
| 245 |
_aNINYAANVE / _cRavindra Verma |
||
| 260 |
_aNew Delhi: _bVani Prakashan, _c2002. |
||
| 300 | _a207p | ||
| 942 |
_2ddc _cBK _h891.433 _iVER/N _k891.433 _mVER/N |
||
| 999 |
_c43428 _d43428 |
||